00337nam a2200121Ia 4500008004100000082001100041245003400052250000600086260004700092300000800139630003400147730003400181090124s9999 xx 000 0 und d b201189 a भाताचे फूल a1 bमाडगूळकर ग.दि.c1971 a146 a भाताचे फूल a भाताचे फूल